Подробности
| 000 -МАРКЕР |
| контрольное поле |
02132nam0a2200409 4500 |
| 001 - ИДЕНТИФИКАТОР ЗАПИСИ |
| контрольное поле |
RU\NLR\BIBL_A\022431585 |
| 005 - ИДЕНТИФИКАТОР ВЕРСИИ |
| контрольное поле |
20260408214949.0 |
| 010 ## - МЕЖДУНАРОДНЫЙ СТАНДАРТНЫЙ НОМЕР КНИГИ (ISBN) |
| Номер (ISBN) |
978-5-89076-479-9 |
| Тираж |
1000 |
| 035 ## - ДРУГИЕ СИСТЕМНЫЕ НОМЕРА |
| Идентификатор записи |
(NLR Aleph) 022431585 |
| 100 ## - ДАННЫЕ ОБЩЕЙ ОБРАБОТКИ |
| Данные общей обработки |
20250121d2023 |||y0rusy50 ca |
| 101 0# - ЯЗЫК РЕСУРСА |
| Язык текста, звукозаписи и т.д. |
русский |
| 102 ## - СТРАНА ПУБЛИКАЦИИ ИЛИ ПРОИЗВОДСТВА |
| Страна публикации |
Российская Федерация |
| 105 ## - ПОЛЕ КОДИРОВАННЫХ ДАННЫХ: ТЕКСТОВЫЕ МАТЕРИАЛЫ, МОНОГРАФИЧЕСКИЕ |
| Кодированные данные о монографическом текстовом документе |
a z 000yy |
| 181 #0 - ПОЛЕ КОДИРОВАННЫХ ДАННЫХ: ВИД СОДЕРЖАНИЯ |
| Код вида содержания (ISBD) |
b3 |
| Код характеристики содержания (ISBD) |
bb2e |
| 181 #0 - ПОЛЕ КОДИРОВАННЫХ ДАННЫХ: ВИД СОДЕРЖАНИЯ |
| Код вида содержания (ISBD) |
i2 |
| Код характеристики содержания (ISBD) |
axxe |
| 182 #0 - ПОЛЕ КОДИРОВАННЫХ ДАННЫХ: ТИП СРЕДСТВА |
| Код типа средства (ISBD) |
n - непосредственное |
| 200 1# - ЗАГЛАВИЕ И СВЕДЕНИЯ ОБ ОТВЕТСТВЕННОСТИ |
| Основное заглавие |
Театральные костюмы |
| Сведения, относящиеся к заглавию |
гравюра и литография XIX века |
| Первые сведения об ответственности |
[ГИМ Исторический музей, Редакционно-издательский отдел ГИМ |
| -- |
Лидия Николаевна Соколова |
| 203 ## - ВИД СОДЕРЖАНИЯ И ТИП СРЕДСТВА |
| Вид содержания |
Изображение |
| -- |
Текст |
| Дополнительные сведения об издании |
визуальные |
| Тип средства |
непосредственные |
| 210 ## - ПУБЛИКАЦИЯ, РАСПРОСТРАНЕНИЕ И ДР. |
| Место издания, распространения и т.д. |
Москва |
| Имя издателя, распространителя и т. д. |
Государственный исторический музей |
| Дата издания, распространения и т.д. |
2023 |
| 215 ## - ФИЗИЧЕСКАЯ ХАРАКТЕРИСТИКА |
| Специфическое обозначение материала и объем |
183 с. |
| Другие сведения о физической характеристике |
цв. ил. |
| Размеры |
24 |
| 309 ## - ПРИМЕЧАНИЯ ОБ ОСНОВНОМ ИСТОЧНИКЕ ИНФОРМАЦИИ И ОБ ОСОБЕННОСТЯХ ПОЛИГРАФИЧЕСКОГО ОФОРМЛЕНИЯ ИЗДАНИЯ |
| Текст примечания |
Обл. с вырубкой в виде полукруглого окна |
| 601 02 - НАИМЕНОВАНИЕ ОРГАНИЗАЦИИ КАК ПРЕДМЕТ |
| Начальный элемент ввода |
Государственный исторический музей |
| Идентифицирующий признак |
Москва, город |
| Тематический подзаголовок |
Коллекция графики |
| Системный номер авторитетной/нормативной записи |
2282362 |
| Идентификатор авторитетной/нормативной записи |
RU\NLR\AUTH\6601595486 |
| 606 1# - НАИМЕНОВАНИЕ ТЕМЫ КАК ПРЕДМЕТ |
| Наименование темы |
Гравюра французская |
| Хронологический подзаголовок |
19 в. |
| Системный номер авторитетной/нормативной записи |
1187862 |
| Идентификатор авторитетной/нормативной записи |
RU\NLR\AUTH\66161136 |
| 606 1# - НАИМЕНОВАНИЕ ТЕМЫ КАК ПРЕДМЕТ |
| Наименование темы |
Литография французская |
| Хронологический подзаголовок |
19 в. |
| Системный номер авторитетной/нормативной записи |
1319806 |
| Идентификатор авторитетной/нормативной записи |
RU\NLR\AUTH\66232270 |
| 606 ## - НАИМЕНОВАНИЕ ТЕМЫ КАК ПРЕДМЕТ |
| Наименование темы |
Театральный костюм |
| Хронологический подзаголовок |
19 в. |
| Системный номер авторитетной/нормативной записи |
2662804 |
| Идентификатор авторитетной/нормативной записи |
RU\NLR\AUTH\6601750831 |
| 686 1# - ИНДЕКСЫ ДРУГИХ КЛАССИФИКАЦИЙ |
| Индекс |
Щ101.3(2Р)-2Москва2Гос. истор. музей |
| 686 1# - ИНДЕКСЫ ДРУГИХ КЛАССИФИКАЦИЙ |
| Индекс |
Щ330.774г(0)5 |
| 686 1# - ИНДЕКСЫ ДРУГИХ КЛАССИФИКАЦИЙ |
| Индекс |
Щ153(4Фр)5-45 |
| 686 1# - ИНДЕКСЫ ДРУГИХ КЛАССИФИКАЦИЙ |
| Индекс |
Щ153(4Фр)5-455.6 |
| 702 #1 - ИМЯ ЛИЦА - ВТОРИЧНАЯ ОТВЕТСТВЕННОСТЬ |
| Код отношения |
Составитель |
| Графика поля |
Кириллица |
| Материалы, к которым относится поле |
rus |
| Начальный элемент ввода |
Соколова |
| Часть имени, кроме начального элемента ввода |
Л. Н. |
| Дополнения к именам, кроме дат |
искусствовед |
| Даты |
1991- |
| Расширение инициалов личного имени |
Лидия Николаевна |
| Системный номер авторитетной/нормативной записи |
258808 |
| Идентификатор авторитетной/нормативной записи |
RU\NLR\AUTH\770258864 |
| 712 02 - НАИМЕНОВАНИЕ ОРГАНИЗАЦИИ - ВТОРИЧНАЯ ОТВЕТСТВЕННОСТЬ |
| Код отношения |
Прочие |
| Начальный элемент ввода |
Государственный исторический музей |
| Структурное подразделение |
Редакционно-издательский отдел |
| Идентифицирующий признак |
Москва |
| Системный номер авторитетной/нормативной записи |
2654648 |
| Идентификатор авторитетной/нормативной записи |
RU\NLR\AUTH\880622280 |
| 942 ## - ДОПОЛНИТЕЛЬНЫЕ ЭЛЕМЕНТЫ ЗАПИСИ (АБИС) |
| Тип экземпляра АБИС |
Книга |
| 980 ## - КОЛЛЕКЦИЯ |
| Название коллекции |
Национальная библиография |